Mẹ các nước dạy con trưởng thành - Mẹ Nhật dạy con trách nhiệm

Saved in:
Bibliographic Details
Main Author: Sun, Yu Mei
Other Authors: Thái, Tâm Giao (Dịch)
Format: Book
Language:Vietnamese
Published: Hà Nội Kim Đồng 2017
Series:Tủ sách Làm cha mẹ
Subjects:
Tags: Add Tag
No Tags, Be the first to tag this record!
Institutions: Trung tâm Học liệu Lê Vũ Hùng, Trường Đại học Đồng Tháp
LEADER 00917aam a22002778a 4500
001 00040808
005 20180122160137.0
008 120403s2007 ||||||viesd
020 # # |a 9786042081467  |c 52000 
041 0 # |a vie 
082 1 4 |a 649  |b M200C 
100 1 # |a Sun, Yu Mei 
245 1 0 |a Mẹ các nước dạy con trưởng thành - Mẹ Nhật dạy con trách nhiệm  |c Sun Yu Mei; Thái Tâm Giao (dịch) 
260 # # |a Hà Nội  |b Kim Đồng  |c 2017 
300 # # |b hình vẽ  |a 264 tr.  |c 21 cm. 
490 # # |a Tủ sách Làm cha mẹ 
653 # # |a Gia đình 
653 # # |a Tâm lý 
653 # # |a Phương pháp 
653 # # |a Giáo dục 
653 # # |a Nhật Bản 
653 # # |a Nuôi dạy trẻ 
700 1 # |a Thái, Tâm Giao  |e Dịch 
852 # # |j KD.0023172 
910 |d 22/01/2018 
980 # # |a Trung tâm Học liệu Lê Vũ Hùng, Trường Đại học Đồng Tháp